| 000 -LEADER |
| fixed length control field |
00324nam a22001337a 4500 |
| 020 ## - INTERNATIONAL STANDARD BOOK NUMBER |
| ISBN |
2706808233 |
| 040 ## - CATALOGING SOURCE |
| Transcribing agency |
DLC |
| 082 ## - DEWEY DECIMAL CLASSIFICATION NUMBER |
| Classification number |
630 PAR 1982 C284 Or. |
| 100 ## - MAIN ENTRY--AUTHOR NAME |
| Personal name |
G.PARRY |
| 245 ## - TITLE STATEMENT |
| Title |
Le cotonnier et ses produits |
| 260 ## - PUBLICATION, DISTRIBUTION, ETC. (IMPRINT) |
| Name of publisher |
G.-P. Maisonneuve & Larose, Paris, |
| Year of publication |
1982 |
| 300 ## - PHYSICAL DESCRIPTION |
| Number of Pages |
502 pages |
| Dimensions |
25 cm |
| 942 ## - ADDED ENTRY ELEMENTS (KOHA) |
| Koha item type |
ADB |
| 952 ## - LOCATION AND ITEM INFORMATION (KOHA) |
| Withdrawn status [LOCAL, KOHA] |
0 |
| 952 ## - LOCATION AND ITEM INFORMATION (KOHA) |
| Withdrawn status [LOCAL, KOHA] |
0 |